000 00607cam a2200169 4500
005 20151214144535.0
008 151214b mx ||||| |||| 00| 0 spa d
050 0 4 _aD16
_bP46 1994
245 0 0 _aPensar la historia :
_bintroducción a la historia y metodología de la historia (siglo XX) /
_cGuillermo Zermeño Padilla, comp.
250 _a1a ed.
260 _aMéxico :
_bUniversidad Iberoamericana, Departamento de Historia,
_c1994
300 _a207 p. ;
_c24 cm.
504 _aBibliografía
650 7 _2LEMB
_aHistoria
_xMetodología
700 1 _aZermeño Padilla, Guillermo,
_ecomp.
942 _2lcc
_cLIB
999 _c57831
_d57831